000 01220cam a2200361 i 4500
001 64765
003 Mx-PuUPA
005 20221122080228.0
008 160316s2019 ag a gr 000 0 spa d
020 _a9789501298031
040 _aMx-PuUPA
_cMx-PuUPA
_bspa
_dMx-PuUPA
_erda
041 0 _aspa
245 1 0 _aNeurociencias y educación /
_cAldo Ferreres, Valeria Abusamra ; con la colaboración de Analía Arévalo y Nancy China
250 _aPrimera edición /
_bactualizada, abril
264 1 _aBunos Aires :
_bEditorial Paidós SAICF,
_c©2019
300 _a228 páginas :
_bilustraciones,
_c22 cm
336 _atexto
_btxt
_2rdacontent
337 _2rdamedia
_asin medio
_bn
338 _2rdacarrier
_avolumen
_bnc
490 0 _aPaidós Educación
650 7 _2armarc
_aAprendizaje
650 7 _2armarc
_aCerebro
650 7 _2armarc
_aEducación
650 7 _2armarc
_aEmociones
650 7 _2armarc
_aNeurociencia
700 1 _913522
_aFerreres, Aldo Rodolfo,
_eautor
700 1 _aAbusamra, Valeria,
_eautor
700 1 _aArévalo, Analía,
_ecolaborador
700 1 _aChina, Nancy,
_ecolaborador
942 _cLI
_2ddc
_h370.7
_iN477
999 _c64765
_d64765